Cristobal Rojas: (Record no. 1624)

MARC details
000 -LEADER
campo de control de longitud fija 00473nam a2200145 4500
008 - DATOS DE LONGITUD FIJA--INFORMACIÓN GENERAL
campo de control de longitud fija 759.987 F981c
020 ## - NÚMERO INTERNACIONAL ESTÁNDAR DEL LIBRO
Número Internacional Estándar del Libro 9806030184
082 ## - NÚMERO DE LA CLASIFICACIÓN DECIMAL DEWEY
Número de clasificación 759.987
Número de ítem F981c
100 ## - ENTRADA PRINCIPAL--NOMBRE DE PERSONA
Nombre de persona Rojas, Cristóbal
9 (RLIN) 6700
245 ## - MENCIÓN DEL TÍTULO
Título Cristobal Rojas:
Resto del título un siglo después
260 ## - PUBLICACIÓN, DISTRIBUCIÓN, ETC.
Lugar de publicación, distribución, etc. Caracas
Nombre del editor, distribuidor, etc. Fundación Galería de Arte Nacional
Fecha de publicación, distribución, etc. 1990
300 ## - DESCRIPCIÓN FÍSICA
Extensión 72 p.
Otras características físicas ill (col)
Dimensiones 30 x 23 cm
650 ## - PUNTO DE ACCESO ADICIONAL DE MATERIA--TÉRMINO DE MATERIA
Subdivisión general arte - exhibiciones
-- Venezuela
-- Pintura
-- Cristobal Rojas
9 (RLIN) 6701
700 ## - ENTRADA AGREGADA--NOMBRE PERSONAL
Nombre de persona Juan Calzadilla (curaduría)
9 (RLIN) 6702
Holdings
Estatus retirado Estado de pérdida Fuente del sistema de clasificación o colocación Estado de daño No para préstamo Biblioteca de origen Biblioteca actual Ubicación en estantería Fecha de adquisición Total de préstamos Signatura topográfica completa Código de barras Visto por última vez Precio de reemplazo Tipo de ítem Koha
    Clasificación Decimal Dewey     Biblioteca LadoV Biblioteca LadoV   27/09/2018   759.987 F981c 001005 27/09/2018 27/09/2018 Material 01